[Event "Beth Harmon Chessing on the Ceiling Tourney"]
[Site "SchemingMind.com"]
[Date "2020.12.31"]
[Round "-"]
[White "Kenny Elliott"]
[Black "buddhastalin"]
[Result "1-0"]
[WhiteCountry "USA"]
[BlackCountry "USA"]
[WhiteElo "1599"]
[WhiteRD "60"]
[BlackElo "1356"]
[BlackRD "73"]
[GameID "463970"]

1. d4 Nf6 2. c4 e6 3. Nf3 d5 4. Nc3 Bb4 5. Bd2 O-O 6. e3 b6 7. cxd5 exd5 8. Bd3 Bb7 9. O-O Nbd7 10. Qb3 Bxc3
11. Bxc3 c5 12. Qc2 c4 13. Bf5 Re8 14. Rab1 Ne4 15. Bxe4 dxe4 16. Nd2 Qe7 17. Nxc4 Rac8 18. Qb3
1-0

[Event "Beth Harmon Chessing on the Ceiling Tourney"]
[Site "SchemingMind.com"]
[Date "2020.12.31"]
[Round "-"]
[White "buddhastalin"]
[Black "Kenny Elliott"]
[Result "0-1"]
[WhiteCountry "USA"]
[BlackCountry "USA"]
[WhiteElo "1356"]
[WhiteRD "73"]
[BlackElo "1599"]
[BlackRD "60"]
[GameID "463971"]

1. d4 d5 2. Nf3 Nc6 3. g3 Nf6 4. Bg2 Bf5 5. c4 Nb4 6. Na3 e6 7. Qa4+ Nc6 8. Bg5 Be4 9. O-O Be7 10. Rac1 O-O
11. cxd5 Bxd5 12. Nc4 Ne4 13. Bxe7 Qxe7 14. Nce5 Nxe5 15. Nxe5 Nf6 16. e4 Bxe4 17. Bxe4 Nxe4
0-1

[Event "Beth Harmon Chessing on the Ceiling Tourney"]
[Site "SchemingMind.com"]
[Date "2020.12.31"]
[Round "-"]
[White "Derek Price"]
[Black "buddhastalin"]
[Result "1-0"]
[WhiteCountry "ENG"]
[BlackCountry "USA"]
[WhiteElo "2240"]
[WhiteRD "74"]
[BlackElo "1642"]
[BlackRD "103"]
[GameID "463972"]

1. c4 Nf6 2. g3 g6 3. Bg2 Bg7 4. Nc3 O-O 5. d4 d5 6. cxd5 c6 7. dxc6 Nxc6 8. Nf3 Nd5 9. O-O Bg4 10. Nxd5 Qxd5
11. Ne5 Nxe5 12. Bxd5
1-0

[Event "Beth Harmon Chessing on the Ceiling Tourney"]
[Site "SchemingMind.com"]
[Date "2020.12.31"]
[Round "-"]
[White "buddhastalin"]
[Black "Derek Price"]
[Result "0-1"]
[WhiteCountry "USA"]
[BlackCountry "ENG"]
[WhiteElo "1356"]
[WhiteRD "73"]
[BlackElo "2236"]
[BlackRD "79"]
[GameID "463973"]

1. d4 d5 2. Nf3 Nf6 3. g3 c6 4. Bg2 Bf5 5. c4 e6 6. Nc3 Nbd7 7. cxd5 exd5 8. O-O Be7 9. Nh4 Be6 10. Qc2 O-O
11. Nf3 h6 12. e4 dxe4 13. Nxe4 Nxe4 14. Qxe4 Re8 15. Ne5 Bd5 16. Qg4 Nf6
0-1

[Event "Beth Harmon Chessing on the Ceiling Tourney"]
[Site "SchemingMind.com"]
[Date "2021.01.01"]
[Round "-"]
[White "cnile"]
[Black "buddhastalin"]
[Result "1-0"]
[WhiteCountry "SCO"]
[BlackCountry "USA"]
[WhiteElo "1433"]
[WhiteRD "61"]
[BlackElo "1356"]
[BlackRD "73"]
[GameID "463974"]

1. e4 c5 2. Nf3 e6 3. d4 cxd4 4. Nxd4 Nf6 5. Nc3 Bb4 6. Nb5 Nc6 7. a3 Bxc3+ 8. bxc3 Nxe4 9. Bd3 Nxc3 10. Nxc3 d5
11. O-O O-O 12. Be3
1-0

[Event "Beth Harmon Chessing on the Ceiling Tourney"]
[Site "SchemingMind.com"]
[Date "2021.01.05"]
[Round "-"]
[White "buddhastalin"]
[Black "cnile"]
[Result "0-1"]
[WhiteCountry "USA"]
[BlackCountry "SCO"]
[WhiteElo "1356"]
[WhiteRD "73"]
[BlackElo "1433"]
[BlackRD "61"]
[GameID "463975"]

1. d4 e6 2. e4 d5 3. e5 c5 4. c3 Nc6 5. Nf3 Qb6 6. Bd3 Bd7 7. dxc5 Bxc5 8. O-O Nge7 9. b4 Bxb4 10. cxb4 O-O
0-1

[Event "Beth Harmon Chessing on the Ceiling Tourney"]
[Site "SchemingMind.com"]
[Date "2020.12.31"]
[Round "-"]
[White "Transcendent"]
[Black "buddhastalin"]
[Result "1-0"]
[WhiteCountry "ENG"]
[BlackCountry "USA"]
[WhiteElo "2009"]
[WhiteRD "64"]
[BlackElo "1356"]
[BlackRD "73"]
[GameID "463976"]

1. d4 Nf6 2. c4 e6 3. g3 c5 4. d5 exd5 5. cxd5 d6 6. Nc3 g6 7. Bg2 Bg7 8. Nf3 O-O 9. O-O a6 10. a4 Bg4
11. Nd2 Re8 12. h3 Bd7 13. e4 Qa5 14. Nc4 Qc7 15. Bf4 Nh5 16. Bxd6
1-0

[Event "Beth Harmon Chessing on the Ceiling Tourney"]
[Site "SchemingMind.com"]
[Date "2020.12.31"]
[Round "-"]
[White "buddhastalin"]
[Black "Transcendent"]
[Result "0-1"]
[WhiteCountry "USA"]
[BlackCountry "ENG"]
[WhiteElo "1356"]
[WhiteRD "73"]
[BlackElo "2009"]
[BlackRD "64"]
[GameID "463977"]

1. d4 d5 2. Nf3 Nf6 3. g3 b5 4. Bg2 e6 5. O-O Bb7 6. a4 b4 7. c3 a5 8. Bg5 Nbd7 9. Ne5 Be7 10. Nd2 Nxe5
11. dxe5 Nd7
0-1

[Event "Beth Harmon Chessing on the Ceiling Tourney"]
[Site "SchemingMind.com"]
[Date "2020.12.31"]
[Round "-"]
[White "buddhastalin"]
[Black "ray winteringham"]
[Result "0-1"]
[WhiteCountry "USA"]
[BlackCountry "ENG"]
[WhiteElo "1356"]
[WhiteRD "73"]
[BlackElo "1433"]
[BlackRD "51"]
[GameID "463978"]

1. d4 d5 2. Nf3 Bg4 3. Ne5 Bh5 4. g4 Bg6 5. h4 f6 6. Nxg6 hxg6 7. Qd3 g5 8. Qg6+ Kd7 9. h5 Rh6 10. Qd3 b6
11. Nc3 e6 12. Bg2 c5 13. dxc5 Bxc5 14. Bd2 Nc6 15. O-O-O Bxf2 16. Rhf1 Ne5 17. Qb5+ Ke7
0-1

[Event "Beth Harmon Chessing on the Ceiling Tourney"]
[Site "SchemingMind.com"]
[Date "2020.12.31"]
[Round "-"]
[White "ray winteringham"]
[Black "buddhastalin"]
[Result "1-0"]
[WhiteCountry "ENG"]
[BlackCountry "USA"]
[WhiteElo "1433"]
[WhiteRD "51"]
[BlackElo "1356"]
[BlackRD "73"]
[GameID "463979"]

1. g3 c5 2. Bg2 Nf6 3. Nf3 g6 4. O-O Bg7 5. d3 d5 6. Bg5 Nbd7 7. c3 O-O 8. Nbd2 b6 9. Bxf6 Nxf6 10. c4 Bb7
11. Rb1 d4 12. a3 Re8 13. b4 Qc7 14. b5 e5 15. e4 Nd7 16. h4 Nf6 17. Nh2 Qd7 18. f4
1-0

[Event "Beth Harmon Chessing on the Ceiling Tourney"]
[Site "SchemingMind.com"]
[Date "2020.12.31"]
[Round "-"]
[White "buddhastalin"]
[Black "Chessibelle"]
[Result "0-1"]
[WhiteCountry "USA"]
[BlackCountry "ENG"]
[WhiteElo "1356"]
[WhiteRD "73"]
[BlackElo "1109"]
[BlackRD "57"]
[GameID "463980"]

1. d4 d5 2. Nf3 Nf6 3. g3 e6 4. Bg2 b6 5. c4 Bb7 6. b3 Be7 7. Bb2 Nc6 8. Nbd2 O-O 9. O-O h6 10. Re1 Bd6
11. e4 Ne7 12. e5 Bb4 13. a3 Nc6 14. exf6 Qxf6 15. axb4 a6 16. Ne5 Qe7 17. Ndf3 f6
0-1

[Event "Beth Harmon Chessing on the Ceiling Tourney"]
[Site "SchemingMind.com"]
[Date "2020.12.31"]
[Round "-"]
[White "Chessibelle"]
[Black "buddhastalin"]
[Result "1-0"]
[WhiteCountry "ENG"]
[BlackCountry "USA"]
[WhiteElo "1109"]
[WhiteRD "57"]
[BlackElo "1356"]
[BlackRD "73"]
[GameID "463981"]

1. Nf3 Nf6 2. d4 e6 3. Nc3 b6 4. e3 Bb7 5. Be2 d5 6. O-O Nbd7 7. a3 Bd6 8. g3 c5 9. b3 O-O 10. Bd3 e5
11. Nb5 Bb8 12. a4 a6 13. Nc3 Qc7 14. Ng5 h6 15. Nh3 e4 16. Be2 Re8 17. Nf4 g5 18. Nh5
1-0

[Event "Beth Harmon Chessing on the Ceiling Tourney"]
[Site "SchemingMind.com"]
[Date "2020.12.31"]
[Round "-"]
[White "buddhastalin"]
[Black "Thomas Jacob Kelly"]
[Result "0-1"]
[WhiteCountry "USA"]
[BlackCountry "USA"]
[WhiteElo "1356"]
[WhiteRD "73"]
[BlackElo "1786"]
[BlackRD "75"]
[GameID "463982"]

1. d4 Nf6 2. Nf3 d5 3. g3 c6 4. Bg2 Bg4 5. c4 dxc4 6. Nbd2 b5 7. Ne5 Qc7 8. a4 b4 9. Ndxc4 a5 10. Bf4 Qb7
11. Qb3 e6 12. Rc1 Qa6 13. Nxg4 Nxg4 14. Nd6+ Bxd6 15. Bxd6 Kd8 16. Qf3 Nh6
0-1

[Event "Beth Harmon Chessing on the Ceiling Tourney"]
[Site "SchemingMind.com"]
[Date "2020.12.31"]
[Round "-"]
[White "Thomas Jacob Kelly"]
[Black "buddhastalin"]
[Result "1-0"]
[WhiteCountry "USA"]
[BlackCountry "USA"]
[WhiteElo "1786"]
[WhiteRD "75"]
[BlackElo "1356"]
[BlackRD "73"]
[GameID "463983"]

1. e4 c5 2. Nf3 e6 3. d4 cxd4 4. Nxd4 Nf6 5. Bd3 Nc6 6. Be3 d5 7. Nxc6 bxc6 8. e5 Nd7 9. f4 c5 10. c3 Be7
11. O-O Qb6 12. Qc2 Ba6 13. b3 Bxd3 14. Qxd3 O-O 15. Nd2 Rac8 16. Rae1
1-0

[Event "Beth Harmon Chessing on the Ceiling Tourney"]
[Site "SchemingMind.com"]
[Date "2021.01.01"]
[Round "-"]
[White "Steven DuCharme"]
[Black "Phillip Beckett"]
[Result "1-0"]
[WhiteCountry "USA"]
[BlackCountry "ENG"]
[WhiteElo "1554"]
[WhiteRD "55"]
[BlackElo "1440"]
[BlackRD "48"]
[GameID "464120"]

1. g3 g6 2. d4 Bg7 3. Bg2 d6 4. Nf3 Nf6 5. O-O O-O 6. Re1 Nbd7 7. e4 e5 8. dxe5 Nxe5 9. Nxe5 dxe5 10. Nc3 Qxd1
11. Rxd1 Bg4 12. f3 Be6 13. Be3 Rfd8 14. b3 Kf8 15. Rxd8+ Rxd8 16. Rd1 Rxd1+ 17. Nxd1 b6 18. c4 Ke7 19. Kf2 Nd7 20. h4 f5
21. Bh3 fxe4 22. Bxe6 Kxe6 23. b4 exf3 24. Kxf3 Nf6 25. g4 h5 26. gxh5 Nxh5 27. Kg4 Kf6 28. Nf2 Kf7 29. Ne4 Nf6+ 30. Nxf6 Bxf6
31. a4 Ke6 32. h5 gxh5+ 33. Kxh5 Kf5 34. c5 bxc5 35. Bxc5 a6 36. b5 axb5 37. a5 c6 38. a6 e4 39. a7
1-0

[Event "Beth Harmon Chessing on the Ceiling Tourney"]
[Site "SchemingMind.com"]
[Date "2021.01.01"]
[Round "-"]
[White "Phillip Beckett"]
[Black "Steven DuCharme"]
[Result "0-1"]
[WhiteCountry "ENG"]
[BlackCountry "USA"]
[WhiteElo "1440"]
[WhiteRD "48"]
[BlackElo "1554"]
[BlackRD "55"]
[GameID "464121"]

1. e4 d6 2. d4 Nf6 3. Nc3 a6 4. Nf3 Nbd7 5. Be2 g6 6. h3 Bg7 7. O-O O-O 8. Be3 b6 9. Qd2 Bb7 10. Bd3 c5
11. Bh6 Kh8 12. Bxg7+ Kxg7 13. e5 Ng8 14. Be4 Bxe4 15. Nxe4 dxe5 16. dxe5 h6 17. Rad1 Ra7 18. Nh2 Qc7 19. Ng4 Nxe5 20. Nxe5 Qxe5
21. c3 Qxe4 22. Rfe1 Qb7 23. Qf4 Qc7 24. Qxc7 Rxc7 25. Rd2 Rfc8 26. Red1 b5 27. Rd7 Nf6 28. Rxc7 Rxc7 29. g3 a5 30. f4 Rd7
31. Re1 Rd2 32. Rxe7 Rxb2 33. Rc7 Rxa2 34. Rxc5 Ne4 35. Rxb5 Nxg3 36. Rb7 Ne2+ 37. Kf1 Nxc3 38. Rc7 Ne2 39. Re7 Nxf4 40. Ra7 a4
0-1

[Event "Beth Harmon Chessing on the Ceiling Tourney"]
[Site "SchemingMind.com"]
[Date "2021.01.02"]
[Round "-"]
[White "Kenny Elliott"]
[Black "Phillip Beckett"]
[Result "0-1"]
[WhiteCountry "USA"]
[BlackCountry "ENG"]
[WhiteElo "1562"]
[WhiteRD "54"]
[BlackElo "1440"]
[BlackRD "48"]
[GameID "464122"]

1. d4 d5 2. c4 e6 3. Nc3 Nf6 4. Bg5 Be7 5. Nf3 h6 6. Bh4 O-O 7. e3 Ne4 8. Bxe7 Qxe7 9. Nxe4 dxe4 10. Nd2 f5
11. Qb3 c5 12. d5 exd5 13. cxd5 Qd6 14. Nc4 Qxd5 15. Rd1 Qf7 16. Be2 Be6 17. O-O Nc6 18. Qc3 Kh7 19. b3 Rad8 20. Nd6 Qf6
21. Qxc5 Bg8 22. Rd2 Ne5 23. Rfd1 Nd3 24. Bxd3 Qxd6 25. Qxd6 Rxd6 26. Bc2 Rxd2 27. Rxd2 a5 28. Rd5 Bxd5
0-1

[Event "Beth Harmon Chessing on the Ceiling Tourney"]
[Site "SchemingMind.com"]
[Date "2021.01.02"]
[Round "-"]
[White "Phillip Beckett"]
[Black "Kenny Elliott"]
[Result "1-0"]
[WhiteCountry "ENG"]
[BlackCountry "USA"]
[WhiteElo "1440"]
[WhiteRD "48"]
[BlackElo "1562"]
[BlackRD "54"]
[GameID "464123"]

1. e4 c5 2. Nf3 d6 3. d4 cxd4 4. Nxd4 e5 5. Nb5 Nf6 6. N1c3 a6 7. Na3 Be7 8. Bg5 Qb6 9. Bxf6 Bxf6 10. Nd5 Qa5+
11. c3 Nd7 12. Nc4 Qd8 13. Nce3 Nb6 14. Nxf6+ Qxf6 15. Nd5 Nxd5 16. Qxd5 O-O 17. Be2 Be6 18. Qd2 Rad8 19. O-O d5 20. exd5 Rxd5
21. Qe3 Rfd8 22. Rfd1 Rxd1+ 23. Rxd1 Rxd1+ 24. Bxd1 Bxa2 25. Qc5 Qd8 26. Bf3 e4 27. Be2 h6 28. Qd4 Qxd4 29. cxd4 Bd5 30. Kf1 Kf8
31. g3 b5 32. Ke1 Ke7 33. Kd2 f5 34. g4 g6 35. gxf5 gxf5 36. Ke3 Kf6 37. f3 Kg5 38. fxe4 fxe4 39. h3 h5 40. Bd1 b4
41. Bc2 Kh4 42. Bxe4 Bxe4 43. Kxe4 Kxh3 44. d5 h4 45. d6 Kg2 46. d7 h3 47. d8=Q h2 48. Qg5+ Kf1 49. Qf4+ Kg1 50. Qg3+ Kh1
51. Ke3
1-0

[Event "Beth Harmon Chessing on the Ceiling Tourney"]
[Site "SchemingMind.com"]
[Date "2021.01.02"]
[Round "-"]
[White "Derek Price"]
[Black "Phillip Beckett"]
[Result "1-0"]
[WhiteCountry "ENG"]
[BlackCountry "ENG"]
[WhiteElo "2249"]
[WhiteRD "74"]
[BlackElo "1440"]
[BlackRD "48"]
[GameID "464124"]

1. c4 Nf6 2. g3 d5 3. cxd5 Nxd5 4. Bg2 c6 5. Nc3 Nxc3 6. bxc3 e5 7. Nf3 e4 8. Nd4 f5 9. O-O Bc5 10. d3 exd3
11. Qxd3 Bxd4 12. cxd4 O-O 13. Ba3 Re8 14. e4 fxe4 15. Bxe4 h6 16. Qb3+ Kh8 17. Bg6 Be6 18. Qxb7 Nd7 19. Bxe8 Qxe8 20. Qxc6 Qg6
21. Qxa8+ Kh7 22. Rfe1
1-0

[Event "Beth Harmon Chessing on the Ceiling Tourney"]
[Site "SchemingMind.com"]
[Date "2021.01.02"]
[Round "-"]
[White "Phillip Beckett"]
[Black "Derek Price"]
[Result "0-1"]
[WhiteCountry "ENG"]
[BlackCountry "ENG"]
[WhiteElo "1440"]
[WhiteRD "48"]
[BlackElo "2249"]
[BlackRD "74"]
[GameID "464125"]

1. e4 c5 2. Nf3 d6 3. d4 cxd4 4. Nxd4 Nf6 5. Nc3 a6 6. Bg5 e6 7. f4 Be7 8. Qf3 Qc7 9. O-O-O Nbd7 10. g4 b5
11. Bxf6 Nxf6 12. g5 Nd7 13. Bh3 b4 14. Na4 Nc5 15. Nxc5 dxc5 16. Nb3 Bb7 17. f5 Bxg5+ 18. Kb1 Bf6 19. fxe6 Qe5 20. exf7+ Kf8
21. c3 Bxe4+ 22. Qxe4 Qxe4+
0-1

[Event "Beth Harmon Chessing on the Ceiling Tourney"]
[Site "SchemingMind.com"]
[Date "2021.01.06"]
[Round "-"]
[White "cnile"]
[Black "Phillip Beckett"]
[Result "0-1"]
[WhiteCountry "SCO"]
[BlackCountry "ENG"]
[WhiteElo "1433"]
[WhiteRD "61"]
[BlackElo "1453"]
[BlackRD "52"]
[GameID "464126"]

1. d4 d5 2. c4 e6 3. Nc3 Nf6 4. Bg5 Be7 5. e3 h6 6. Bxf6 Bxf6 7. cxd5 exd5 8. Nf3 O-O 9. Bd3 Nd7 10. Nxd5 c6
11. Nxf6+ Nxf6 12. O-O Bg4 13. h3 Bxf3 14. Qxf3 Qd5 15. Qxd5 Nxd5 16. a3 f5 17. Rac1 f4 18. e4 Nf6 19. f3 Nh5 20. Rfd1 Ng3
21. b4 Rad8 22. Bc4+ Kh7 23. d5 cxd5 24. Bxd5 Ne2+ 25. Kf2 Nxc1 26. Rxc1 Rd7 27. a4 b6 28. b5 Rfd8 29. Rc2 g5 30. Rc6 Re8
31. Ke2 Rxd5 32. Rc7+ Kg8 33. Rxa7 Rd4 34. Ra6 Red8 35. Rxb6 Rd2+ 36. Ke1 Ra2 37. Ra6 Rdd2 38. Ra8+ Kg7 39. Ra7+ Kg6 40. a5 Rdb2
41. b6 Rb1#
0-1

[Event "Beth Harmon Chessing on the Ceiling Tourney"]
[Site "SchemingMind.com"]
[Date "2021.01.06"]
[Round "-"]
[White "Phillip Beckett"]
[Black "cnile"]
[Result "0-1"]
[WhiteCountry "ENG"]
[BlackCountry "SCO"]
[WhiteElo "1495"]
[WhiteRD "53"]
[BlackElo "1406"]
[BlackRD "62"]
[GameID "464127"]

1. e4 e5 2. Nf3 Nc6 3. Bb5 a6 4. Ba4 Nf6 5. O-O b5 6. Bb3 Be7 7. c3 O-O 8. d4 d6 9. d5 Nb8 10. Re1 Nbd7
11. Nbd2 Bb7 12. Nf1 c5 13. Ng3 a5 14. Bc2 Bc8 15. a4 b4 16. c4 Ba6 17. b3 Bc8 18. Bg5 Ne8 19. Bxe7 Qxe7 20. Nf5 Qf6
21. Qd2 h6 22. h3 Kh7 23. Kh2 Rg8 24. Re3 Nf8 25. Ng1 Ng6 26. Nf3 Ne7 27. Ng1 Nxf5 28. exf5 Bxf5 29. Bxf5+ Qxf5 30. Rf3 Qd7
31. Qd3+ Kh8 32. Qf5 Qxf5 33. Rxf5 Nf6 34. Ne2 Rae8 35. f4 Rgf8 36. fxe5 Rxe5 37. Rxe5 dxe5 38. Kg3 Rd8 39. Kf3 Kg8 40. Ng3 Kf8
41. Ne4 Ke7 42. Rd1 Nd7 43. Rf1 f6 44. Ng3 g6 45. Ne4 f5 46. Ng3 Nf6 47. Re1 Kd6 48. Ne2 g5 49. g4 fxg4+ 50. hxg4 Rf8
51. Kg3 Ne4+ 52. Kg2 Rf2+ 53. Kg1 Rf7 54. Nc1 Rf4
0-1

[Event "Beth Harmon Chessing on the Ceiling Tourney"]
[Site "SchemingMind.com"]
[Date "2021.01.01"]
[Round "-"]
[White "Phillip Beckett"]
[Black "Transcendent"]
[Result "0-1"]
[WhiteCountry "ENG"]
[BlackCountry "ENG"]
[WhiteElo "1445"]
[WhiteRD "50"]
[BlackElo "1984"]
[BlackRD "68"]
[GameID "464128"]

1. e4 e5 2. Nf3 d5 3. exd5 Bd6 4. Bb5+ c6 5. dxc6 Nxc6 6. O-O Ne7 7. d3 O-O 8. Re1 Bg4 9. Bg5 Bxf3 10. Qxf3 Nd4
11. Qxb7 Rb8 12. Bxe7 Bxe7 13. Qd7 Rxb5 14. Qxd8 Rxd8 15. Na3 Bxa3 16. bxa3 Nxc2 17. Rab1 Rxb1 18. Rxb1 g5 19. Rc1 Rxd3 20. g3 Nxa3
21. Rc8+ Kg7 22. Rc7 Nb5 23. Rb7 a6 24. Rb6 Rd6 25. Rb7 Rd1+ 26. Kg2 Ra1
0-1

[Event "Beth Harmon Chessing on the Ceiling Tourney"]
[Site "SchemingMind.com"]
[Date "2021.01.01"]
[Round "-"]
[White "Transcendent"]
[Black "Phillip Beckett"]
[Result "1-0"]
[WhiteCountry "ENG"]
[BlackCountry "ENG"]
[WhiteElo "1984"]
[WhiteRD "68"]
[BlackElo "1445"]
[BlackRD "50"]
[GameID "464129"]

1. d4 d5 2. c4 e6 3. Nf3 Nf6 4. g3 Be7 5. Bg2 c6 6. O-O Nbd7 7. Qc2 O-O 8. Nbd2 dxc4 9. Nxc4 Nb6 10. b3 Nxc4
11. bxc4 b6 12. Rd1 Bb7 13. e4 Qc7 14. Bf4 Qc8 15. e5 Nh5 16. Be3 g6 17. Rac1 c5 18. d5 exd5 19. cxd5 f6 20. d6 Bd8
21. Qc4+ Kh8 22. e6 Bxf3 23. Bxf3
1-0

[Event "Beth Harmon Chessing on the Ceiling Tourney"]
[Site "SchemingMind.com"]
[Date "2021.01.01"]
[Round "-"]
[White "Phillip Beckett"]
[Black "buddhastalin"]
[Result "1-0"]
[WhiteCountry "ENG"]
[BlackCountry "USA"]
[WhiteElo "1453"]
[WhiteRD "52"]
[BlackElo "1356"]
[BlackRD "73"]
[GameID "464130"]

1. e4 c5 2. Nf3 e6 3. d4 cxd4 4. Nxd4 Nf6 5. Nc3 Nc6 6. Ndb5 Bb4 7. Nd6+ Ke7 8. Nxc8+ Rxc8 9. Bd3 Re8 10. Bd2 Kf8
11. a3 Be7 12. O-O d5 13. exd5 exd5 14. Re1 Qb6 15. Na4 Qc7 16. Nc3 Bd6 17. g3 Ne5 18. Bf5
1-0

[Event "Beth Harmon Chessing on the Ceiling Tourney"]
[Site "SchemingMind.com"]
[Date "2021.01.02"]
[Round "-"]
[White "buddhastalin"]
[Black "Phillip Beckett"]
[Result "0-1"]
[WhiteCountry "USA"]
[BlackCountry "ENG"]
[WhiteElo "1356"]
[WhiteRD "73"]
[BlackElo "1453"]
[BlackRD "52"]
[GameID "464131"]

1. Nf3 Nf6 2. c4 d5 3. cxd5 Nxd5 4. d4 e6 5. e4 Nf6 6. Bd3 c5 7. Be3 Be7 8. dxc5 Qa5+ 9. Nc3 Bxc5 10. Bxc5 Nbd7
11. Be3 O-O 12. O-O Nc5 13. Bxc5 Qxc5 14. Rc1 Bd7 15. Nb5 Qb6 16. Nc7 Rac8 17. Qc2 Bc6
0-1

[Event "Beth Harmon Chessing on the Ceiling Tourney"]
[Site "SchemingMind.com"]
[Date "2021.01.02"]
[Round "-"]
[White "Phillip Beckett"]
[Black "ray winteringham"]
[Result "1/2-1/2"]
[WhiteCountry "ENG"]
[BlackCountry "ENG"]
[WhiteElo "1440"]
[WhiteRD "48"]
[BlackElo "1469"]
[BlackRD "49"]
[GameID "464132"]

1. e4 e6 2. d4 d5 3. Nd2 c6 4. exd5 cxd5 5. Ngf3 Bd6 6. Bd3 Ne7 7. O-O Bd7 8. c3 a6 9. Re1 Nbc6 10. Nf1 Qb6
11. Ng3 O-O-O 12. Qb3 Qxb3 13. axb3 Bxg3 14. hxg3 h6 15. Ne5 Rhf8 16. b4 f6 17. Nxd7 Rxd7 18. b5 Nb8 19. bxa6 bxa6 20. Bxa6+ Kd8
21. Bb5 Rb7 22. Ba4 Rb6 23. b3 Kc7 24. Ba3 Rf7 25. Bb4 Nec6 26. Bxc6 Nxc6 27. Bc5 Rxb3 28. Bb4 Kb7 29. Bc5 Rxc3 30. Reb1+ Kc8
31. Ra8+ Kc7 32. Rba1 Rd7 33. Rb1 Rc4 34. Ra2 e5 35. Bb6+ Kd6 36. Bc5+ Kc7 37. Bb6+ Kd6 38. Bc5+ Kc7 39. Bb6+ Kd6 40. Bc5+
1/2-1/2

[Event "Beth Harmon Chessing on the Ceiling Tourney"]
[Site "SchemingMind.com"]
[Date "2021.01.02"]
[Round "-"]
[White "ray winteringham"]
[Black "Phillip Beckett"]
[Result "0-1"]
[WhiteCountry "ENG"]
[BlackCountry "ENG"]
[WhiteElo "1469"]
[WhiteRD "49"]
[BlackElo "1440"]
[BlackRD "48"]
[GameID "464133"]

1. e3 d5 2. d4 e6 3. Bd3 c5 4. Ne2 Nc6 5. O-O Nf6 6. b3 cxd4 7. Bb2 dxe3 8. c4 dxc4 9. Bxc4 exf2+ 10. Rxf2 Qxd1+
11. Rf1 Qxf1+ 12. Kxf1 Bd7 13. Bxf6 gxf6 14. Nd2 Ne5 15. Rc1 Bd6 16. Kg1 Rg8 17. Ne4 Be7 18. a4 Rc8 19. Kf2 Nxc4 20. Rxc4 Rxc4
21. bxc4 Bc6 22. N2g3 f5 23. Nc3 f4 24. Nge2 Rxg2+ 25. Kf1 Rxh2 26. Nxf4 Rc2 27. Nfe2 Bb4
0-1

[Event "Beth Harmon Chessing on the Ceiling Tourney"]
[Site "SchemingMind.com"]
[Date "2021.01.01"]
[Round "-"]
[White "Phillip Beckett"]
[Black "Chessibelle"]
[Result "1-0"]
[WhiteCountry "ENG"]
[BlackCountry "ENG"]
[WhiteElo "1440"]
[WhiteRD "48"]
[BlackElo "1100"]
[BlackRD "59"]
[GameID "464134"]

1. e4 e5 2. Nf3 Nc6 3. Bc4 h6 4. d4 Nf6 5. dxe5 Nxe4 6. Qd5 Qe7 7. Qxe4 d6 8. Nc3 g6 9. exd6 cxd6 10. Qxe7+ Nxe7
11. Nd5 Nf5 12. Nf6+ Kd8 13. Bf4 g5 14. O-O-O b6 15. Nxg5 Ke7 16. Nd5+ Kd8 17. Ne3 Bb7 18. Nxf5 Bxg2 19. Nxf7+ Kd7 20. Ne5+ Kc7
21. Nf7 Rg8 22. Rhg1 Re8 23. N7xd6 Ra8 24. Nf7+ Kc6 25. Ne5+ Kc5 26. Be3+ Kb4 27. a3+ Ka4 28. Bb3+ Ka5 29. Nc6+ Bxc6 30. Bxg8 h5
31. b4+ Ka4 32. Kb2 Be4 33. Bb3+ Kb5 34. c4+ Ka6 35. b5+ Kb7 36. Nd4 a6 37. bxa6+ Rxa6 38. Nb5 h4 39. Rd7+ Kc8 40. Rc7+ Kb8
41. Rg8 h3 42. Rxf8#
1-0

[Event "Beth Harmon Chessing on the Ceiling Tourney"]
[Site "SchemingMind.com"]
[Date "2021.01.01"]
[Round "-"]
[White "Chessibelle"]
[Black "Phillip Beckett"]
[Result "0-1"]
[WhiteCountry "ENG"]
[BlackCountry "ENG"]
[WhiteElo "1100"]
[WhiteRD "59"]
[BlackElo "1440"]
[BlackRD "48"]
[GameID "464135"]

1. Nf3 Nf6 2. d4 d5 3. e3 e6 4. Nc3 Be7 5. Be2 O-O 6. O-O c5 7. Bd2 Nc6 8. Bd3 cxd4 9. exd4 Nb4 10. Be2 Bd7
11. a3 Nc6 12. Ng5 h6 13. Nh3 Rc8 14. Nf4 a6 15. Bd3 Nxd4 16. b3 Nb5 17. Qe1 Bc6 18. f3 Bc5+ 19. Kh1 Nxc3 20. Bxc3 Bd6
21. Bd2 Qc7 22. g3 e5 23. Ng2 e4 24. Be2 Qd7 25. c4 exf3 26. Bxf3 dxc4 27. Bd1 Rce8 28. Be3 Bc5 29. Qc3 Bxe3 30. bxc4 Bxg2+
31. Kxg2 Bd4 32. Qc1 Qc6+ 33. Bf3 Qc5 34. Kh3 Bxa1 35. Qxa1 Qf5+ 36. Kg2 Qc2+ 37. Kh3 Nh7 38. Bxb7 Ng5+ 39. Kh4 Re4+ 40. g4 Qxh2#
0-1

[Event "Beth Harmon Chessing on the Ceiling Tourney"]
[Site "SchemingMind.com"]
[Date "2021.01.01"]
[Round "-"]
[White "Phillip Beckett"]
[Black "Thomas Jacob Kelly"]
[Result "0-1"]
[WhiteCountry "ENG"]
[BlackCountry "USA"]
[WhiteElo "1440"]
[WhiteRD "48"]
[BlackElo "1846"]
[BlackRD "72"]
[GameID "464136"]

1. e4 e6 2. d4 d5 3. Nd2 Be7 4. exd5 exd5 5. Ngf3 Bf6 6. Bd3 Nc6 7. O-O Nxd4 8. Nxd4 Bxd4 9. c3 Bf6 10. Re1+ Ne7
11. Nf3 Bg4 12. h3 Bxf3 13. Qxf3 c6 14. Bf4 O-O 15. Qh5 Ng6 16. Bxg6 fxg6 17. Qg4 d4 18. Qe6+ Kh8 19. Rad1 c5 20. cxd4 Bxd4
21. Bg3 Qf6 22. Qxf6 gxf6 23. Kf1 Rf7 24. f3 Bxb2 25. Rb1 Bd4 26. Bf2 Bxf2 27. Kxf2 Rc8 28. Re6 Kg7 29. Rc1 Rd7 30. Rce1 Kf7
31. R6e3 b5 32. Rb1 b4 33. Rbe1 a5 34. Rc1 c4 35. Re4 c3 36. Re3 Rd2+ 37. Kg3 Rxa2
0-1

[Event "Beth Harmon Chessing on the Ceiling Tourney"]
[Site "SchemingMind.com"]
[Date "2021.01.01"]
[Round "-"]
[White "Thomas Jacob Kelly"]
[Black "Phillip Beckett"]
[Result "1-0"]
[WhiteCountry "USA"]
[BlackCountry "ENG"]
[WhiteElo "1846"]
[WhiteRD "72"]
[BlackElo "1440"]
[BlackRD "48"]
[GameID "464137"]

1. e4 e5 2. Bc4 Nf6 3. d4 exd4 4. Nf3 Nc6 5. O-O Bc5 6. e5 d5 7. exf6 dxc4 8. Re1+ Be6 9. fxg7 Rg8 10. Ng5 Qd5
11. Nc3 Qf5 12. Nce4 O-O-O 13. Nxc5 Qxc5 14. Rxe6 fxe6 15. Nxe6 Qe7 16. Nxd8 Qxg7 17. g3 Kxd8 18. Qe2 Ne5 19. f4 d3 20. Qxe5 Qxe5
21. fxe5 Re8 22. cxd3 Rxe5 23. dxc4 Re1+ 24. Kf2 Rh1 25. Bg5+ Ke8 26. Rxh1
1-0